000 00603cam a2200217 4500
001 D15435
008 090401t1980 xxu||||| |||| 00| 0 eng d
035 _a(Sirsi) u22809
041 _aeng
050 _a622.342429
100 _aJones, E.
245 _aGold mining in North Wales
260 _bRICS
_c1980
300 _a21p. ill. maps. 30cm
350 _a0
520 _aFiled in box 1980/56 A; Student paper competition 1979-80: first prize
710 _aRoyal Institution of Chartered Surveyors
_bYorkshire Branch
_91085
710 _aMinerals Division
942 _n0
948 _c04/03/1997
999 _c88254
_d88254